[Event "World Cities Team GpB"]
[Site "Al-Ain UAE"]
[Date "2012.12.23"]
[Round "2.8"]
[White "Iljushin,A"]
[Black "Karthikeyan,M2"]
[Result "1/2-1/2"]
[WhiteElo "2505"]
[BlackElo "2315"]

1.d4 d5 2.c4 e6 3.Nf3 Nf6 4.g3 Be7 5.Bg2 O-O 6.O-O dxc4 7.Qc2 a6 8.a4 Bd7
9.Qxc4 Bc6 10.Bf4 Nd5 11.Bd2 Nf6 12.Rc1 Nbd7 13.Nc3 Nb6 14.Qd3 a5 15.e4 Bb4
16.e5 Bxc3 17.bxc3 Ne4 18.Be3 Nc5 19.Qc2 Be4 20.Qd1 Ncd7 21.Ng5 Bxg2 22.Qc2 g6
23.Kxg2 Nd5 24.Bd2 c5 25.Qe4 cxd4 26.cxd4 Qe7 27.h4 b6 28.Qd3 Rac8 29.Ne4 f5
30.Nd6 Rxc1 31.Rxc1 f4 32.Rc8 Rxc8 33.Nxc8 Qf8 34.Nd6 fxg3 35.Qxg3 Ne7 36.Bg5 Nf5
37.Nxf5 Qxf5 38.Qc3 Qg4+ 39.Kh2 Qf5 40.f3 Kg7 41.Qc7 Qf7 42.Kg3 h6 43.Bd8 Qe8
44.Kf2 Kg8 45.Ke3 Nf8 46.Bf6 Nd7 47.Kd3 Nxf6 48.exf6 Qf8 49.Qxb6 Qxf6 50.Ke3 g5
51.Qxa5 Qf4+ 52.Ke2 Qh2+ 53.Ke3 gxh4 54.Qd8+ Kf7 55.Qd7+ Kf6 56.Qd8+ Kf7
57.Qd7+  1/2-1/2

[Event "Groningen Open A"]
[Site "Groningen NED"]
[Date "2012.12.23"]
[Round "3.4"]
[White "Ernst,S"]
[Black "Hausrath,D"]
[Result "1/2-1/2"]
[WhiteElo "2562"]
[BlackElo "2483"]

1.d4 d5 2.c4 e6 3.Nf3 Be7 4.g3 Nf6 5.Bg2 O-O 6.O-O dxc4 7.Nc3 Nc6 8.e4 Rb8
9.a4 a6 10.a5 b5 11.axb6 Rxb6 12.Qe2 Nb4 13.Ne5 Qxd4 14.Nxc4 Rb8 15.Rd1 Qa7
16.Be3 Qa8 17.Bg5 Qa7 18.h4 h6 19.Be3 Bc5 20.Bf4 e5 21.Nxe5 Re8 22.Na4 Bd6
23.Be3 Qb7 24.Nc4 Nxe4 25.Nab6 Bf5 26.g4 Bh7 27.Nxd6 cxd6 28.Qc4 Nc6 29.Rxa6 Ne5
30.Qa4 Qc6 31.Qxc6 Nxc6 32.Ra4 Ne5 33.f3 Nc5 34.Bxc5 dxc5 35.Rd2  1/2-1/2

[Event "Russian Rapid GP Final 2012"]
[Site "Kirov RUS"]
[Date "2012.12.23"]
[Round "1.1"]
[White "Shomoev,A"]
[Black "Smirnov,P"]
[Result "1-0"]
[WhiteElo "2564"]
[BlackElo "2610"]

1.d4 d5 2.Nf3 Nf6 3.c4 e6 4.g3 Be7 5.Bg2 O-O 6.Nc3 dxc4 7.Ne5 Nc6 8.Bxc6 bxc6
9.Nxc6 Qe8 10.Nxe7+ Qxe7 11.Qa4 c5 12.dxc5 Qxc5 13.Be3 Qc7 14.O-O Bd7 15.Qa3 Nd5
16.Bd4 Qc6 17.Rfd1 Rfe8 18.e4 Nxc3 19.Bxc3 e5 20.Rd6 Qb7 21.Qa6 Rab8 22.Qxb7 Rxb7
23.Rad1 Bg4 24.R1d5 f6 25.Kg2 Kf7 26.Ra5 Re6 27.Rdd5 Rc6 28.f4 exf4 29.gxf4 Re6
30.Rd4 Be2 31.e5 fxe5 32.fxe5 Bd3 33.Rf4+ Ke8 34.Kf2 a6 35.Rc5 Rh6 36.h4 Ke7
37.Rc8 Ke6 38.Rc6+ Kd5 39.Rxh6 gxh6 40.Rd4+ Kc5 41.Rd6 a5 42.Rxh6 a4 43.Ra6 Kd5
44.Ke3 Bc2 45.Rd6+ Kc5 46.a3 Rg7 47.Bb4+ Kb5 48.e6 Rg4 49.e7  1-0

[Event "5th Marseille Open"]
[Site "Marseille FRA"]
[Date "2012.12.26"]
[Round "1.13"]
[White "Figier,A"]
[Black "Janev,T"]
[Result "0-1"]
[WhiteElo "1764"]
[BlackElo "2413"]

1.d4 Nf6 2.c4 e6 3.g3 d5 4.Bg2 Be7 5.Nf3 O-O 6.O-O dxc4 7.Nc3 Nc6 8.e3 Rb8
9.Qa4 Nb4 10.Ne5 Nfd5 11.a3 Nb6 12.Qd1 N4d5 13.Qe2 Bd7 14.Bd2 c5 15.dxc5 Bxc5
16.Ne4 Be7 17.Ba5 Bb5 18.Rfd1 Qe8 19.Bc3 Nxc3 20.Nxc3 Bf6 21.Qh5 g6 22.Nxg6 hxg6
23.Qxb5 Qxb5 24.Nxb5 Bxb2 25.Rab1 c3 26.Be4 Nc4 27.Nxc3 Bxc3 28.Rbc1 Nd2  0-1

[Event "Groningen Open A"]
[Site "Groningen NED"]
[Date "2012.12.27"]
[Round "6.24"]
[White "Goudriaan,E"]
[Black "Mostertman,M"]
[Result "0-1"]
[WhiteElo "2366"]
[BlackElo "2250"]

1.d4 Nf6 2.c4 e6 3.g3 d5 4.Nf3 Be7 5.Bg2 O-O 6.O-O dxc4 7.Qc2 a6 8.Rd1 b5
9.Ng5 c6 10.b3 cxb3 11.axb3 h6 12.Ne4 Nxe4 13.Bxe4 Bb7 14.Bf3 Nd7 15.Bd2 e5
16.Bc3 exd4 17.Bxd4 Bf6 18.Bxf6 Qxf6 19.Nc3 Nc5 20.b4 Ne6 21.Ne4 Qe5 22.e3 c5
23.bxc5 Rfc8 24.Nf6+ Qxf6 25.Bxb7 Rxc5 26.Qe4 Ng5 27.Qd4 Nh3+ 28.Kh1 Nxf2+
29.Kg2 Nxd1 30.Qxf6 gxf6 31.Bxa8 Nxe3+ 32.Kf3 Nc4 33.Rxa6 b4 34.Ke4 b3 35.Kd4 b2
36.Be4 Nd2 37.Rb6 Rc4+ 38.Kd3 Nxe4 39.Kxc4 b1=Q 40.Rxb1 Nd2+  0-1

[Event "29th Travemuender Schach-Open"]
[Site "Travemuende GER"]
[Date "2012.12.27"]
[Round "2.8"]
[White "Welzel,P"]
[Black "Schmidt,Ha"]
[Result "0-1"]
[WhiteElo "2071"]
[BlackElo "2365"]

1.d4 Nf6 2.c4 e6 3.g3 d5 4.Nf3 Be7 5.Bg2 O-O 6.O-O dxc4 7.Qa4 a6 8.Qxc4 b5
9.Qc2 Bb7 10.Bd2 Be4 11.Qc1 Qc8 12.Bg5 Nbd7 13.Nbd2 Bb7 14.Nb3 h6 15.Bxf6 Bxf6
16.Nc5 Nxc5 17.Qxc5 Rd8 18.e3 Rd5 19.Qc2 c5 20.Nd2 cxd4 21.Qxc8+ Rxc8 22.Bxd5 Bxd5
23.e4 Ba8 24.Rac1 Rd8 25.f4 d3 26.e5 Be7 27.a3 b4 28.Rc7 Re8 29.Rxe7 Rxe7
30.Rc1 Bd5 31.Rc8+ Kh7 32.Kf2 bxa3 33.bxa3 Rb7 34.Ke3 Rb5 35.Kxd3 Ra5 36.Rc3 Ra4
37.Ke3 g5 38.fxg5 hxg5 39.Nf3 Re4+ 40.Kf2 Kh6 41.h4 gxh4 42.gxh4 Kh5 43.Kg3 Rg4+
44.Kh3 Rf4  0-1

[Event "Groningen Open A"]
[Site "Groningen NED"]
[Date "2012.12.28"]
[Round "7.27"]
[White "Ypma,P"]
[Black "Heemskerk,W"]
[Result "1/2-1/2"]
[WhiteElo "2157"]
[BlackElo "2253"]

1.d4 e6 2.c4 Nf6 3.g3 d5 4.Nf3 Be7 5.Bg2 O-O 6.O-O Nbd7 7.b3 c6 8.Nbd2 b6
9.Qc2 Bb7 10.Bb2 Rc8 11.e4 c5 12.e5 Ne8 13.dxc5 Bxc5 14.Qd3 Nc7 15.Rae1 Qe7
16.a3 a5 17.a4 Rfd8 18.Qb1 Bb4 19.Rd1 h6 20.cxd5 Nxd5 21.Nc4 Ba6 22.Nd4 Bxc4
23.bxc4 Rxc4 24.Nf5 Qf8 25.Bxd5 exd5 26.Rxd5 Rc5 27.Rfd1  1/2-1/2

[Event "CXU Obro New Year 2012"]
[Site "Copenhagen DEN"]
[Date "2012.12.29"]
[Round "4.8"]
[White "Christensen,Christi"]
[Black "Rosenkilde,A"]
[Result "1/2-1/2"]
[WhiteElo "2042"]
[BlackElo "2255"]

1.Nf3 Nf6 2.c4 e6 3.g3 d5 4.d4 Be7 5.Bg2 O-O 6.O-O dxc4 7.Qc2 a6 8.a4 Bd7
9.Rd1 Nc6 10.Qxc4 Rb8 11.Nc3 Na5 12.Qa2 Bc6 13.Bg5 Nd5 14.Bxe7 Qxe7 15.Ne5 Rfd8
16.Nxc6 bxc6 17.Nxd5 cxd5 18.Rac1 Rb4 19.e3 Rdb8 20.Rc2 g6 21.Bf1 R8b6 22.Qa3 Qd6
23.Rdc1 Kg7 24.Rc5 Rxb2 25.Qc3 Nc4 26.Bxc4 dxc4 27.Qxc4 Qd8 28.Rxc7 Qf6 29.Rc2 Rb1+
30.Kg2 Qf5 31.d5 exd5 32.Qd4+ Rf6 33.R7c6 Qf3+ 34.Kh3 Qh5+ 35.Kg2 Qf3+ 36.Kh3 Qf5+
37.Kg2 Qf3+ 38.Kh3 Qh5+ 39.Kg2 Qf3+  1/2-1/2

[Event "Groningen Open A"]
[Site "Groningen NED"]
[Date "2012.12.29"]
[Round "8.37"]
[White "De Ruiter,D"]
[Black "Theulings,PP"]
[Result "1/2-1/2"]
[WhiteElo "2226"]
[BlackElo "2105"]

1.d4 Nf6 2.c4 e6 3.g3 d5 4.Nf3 Be7 5.Bg2 O-O 6.O-O b6 7.cxd5 exd5 8.Nc3 Bb7
9.Bf4 Na6 10.Rc1 c5 11.dxc5 Nxc5 12.Nd4 Qd7 13.Qd2 Rac8 14.Rfd1 Nce4 15.Qd3 Nxc3
16.Rxc3 Rxc3 17.Qxc3 Ne4 18.Qd3 Bf6 19.b3 Rc8 20.Rc1 Rxc1+ 21.Bxc1 Qc8 22.Bb2 Qc5
23.Bxe4 dxe4 24.Qc3 Qxc3  1/2-1/2

[Event "XXIII Krakow Open"]
[Site "Krakow POL"]
[Date "2012.12.29"]
[Round "3.28"]
[White "Borsos,B"]
[Black "Watorek,M"]
[Result "1-0"]
[WhiteElo "2267"]
[BlackElo "2137"]

1.c4 e6 2.d4 d5 3.g3 Nf6 4.Nf3 Be7 5.Bg2 O-O 6.O-O dxc4 7.Nbd2 Bd7 8.Ne5 Bc6
9.Nxc6 Nxc6 10.e3 Nd5 11.Nxc4 b5 12.Nd2 Ncb4 13.Ne4 Na6 14.Qe2 c6 15.Bd2 Qb6
16.a4 b4 17.Rfc1 Rac8 18.Bf1 Nb8 19.Nc5 a5 20.Qc4 Bxc5 21.dxc5 Qc7 22.e4 Nf6
23.Bf4 e5 24.Bg5 Nbd7 25.Bh3 Rcd8 26.Rd1 h6 27.Be3 Nb8 28.Rd6 Rxd6 29.cxd6 Qb7
30.Qc5 Nbd7 31.Qxa5 Ra8 32.Qc7 Qxc7 33.dxc7 Kf8 34.Rc1 c5 35.Bxc5+ Ke8 36.Bxb4  1-0

[Event "22nd North American Open"]
[Site "Las Vegas USA"]
[Date "2012.12.29"]
[Round "7.16"]
[White "Mandiza,F"]
[Black "Santarius,E"]
[Result "1/2-1/2"]
[WhiteElo "2415"]
[BlackElo "2303"]

1.d4 d5 2.c4 e6 3.Nf3 Nf6 4.g3 Be7 5.Bg2 O-O 6.O-O dxc4 7.Qc2 a6 8.Qxc4 b5
9.Qc2 Bb7 10.Bd2 Bd6 11.Bg5 Nbd7 12.Nbd2 Rc8 13.e4 c5 14.Bxf6 gxf6 15.d5 Qe7
16.a4 Ra8 17.Rfe1 Rfe8 18.Nh4 c4 19.Qd1 Ne5 20.Qh5 b4 21.Nf1 Rac8 22.Ne3 Bc5
23.Rad1 Bxe3 24.Rxe3 c3 25.b3 c2 26.Rc1 Rc7 27.Bh3 Rec8 28.Qh6 Rc3 29.Bf5 exf5
30.Nxf5 Qf8 31.Qxf6 Ng6 32.h4 h5 33.g4 hxg4 34.h5 Nh8 35.Kh2 Rxe3 36.fxe3 Kh7
37.Kg3 Rc3 38.Kxg4 Bc8 39.Kf4 Bxf5 40.Qxf5+ Kh6  1/2-1/2

[Event "22nd North American Open"]
[Site "Las Vegas USA"]
[Date "2012.12.29"]
[Round "8.17"]
[White "Cernousek,L"]
[Black "Colas,Joshua"]
[Result "1-0"]
[WhiteElo "2450"]
[BlackElo "2204"]

1.d4 Nf6 2.c4 e6 3.g3 d5 4.Nf3 Be7 5.Bg2 dxc4 6.O-O O-O 7.Qa4 a6 8.Qxc4 b5
9.Qc2 Bb7 10.Bd2 Nbd7 11.Ba5 Rc8 12.Nbd2 Bd6 13.e4 e5 14.dxe5 Nxe5 15.Nxe5 Bxe5
16.Nb3 Bd6 17.Rad1 Nd7 18.Rfe1 Re8 19.e5 Bxg2 20.exd6 Rxe1+ 21.Rxe1 Bb7 22.dxc7 Qf6
23.Re3 Ne5 24.Qd1 Rf8 25.Qd8 Qc6 26.f3 Nxf3+ 27.Kf2 Nxh2 28.Bb4 Qc2+ 29.Nd2 h5
30.Qxf8+ Kh7 31.Qxf7 Ng4+ 32.Ke2 Nxe3 33.Qxh5+ Kg8 34.Qe8+ Kh7 35.Qh5+ Kg8
36.Qe8+ Kh7 37.Qxe3 Qxc7 38.Bc3 Qf7 39.a3 Bc8 40.Qe5 Bg4+ 41.Ke1 Bh3 42.Nf3 Kg8
43.Qb8+ Qf8 44.Qxf8+ Kxf8 45.Kd2  1-0

[Event "Pan-Am Intercollegiate 2012"]
[Site "Princeton USA"]
[Date "2012.12.29"]
[Round "4"]
[White "Morales Mendoza,Lu"]
[Black "Ng,Andrew"]
[Result "0-1"]
[WhiteElo "2200"]
[BlackElo "2173"]

1.d4 d5 2.Nf3 Nf6 3.c4 e6 4.g3 Be7 5.Bg2 O-O 6.O-O dxc4 7.Na3 Bxa3 8.bxa3 b5
9.a4 a6 10.Rb1 c6 11.Ne5 Nd5 12.Qc2 f6 13.Nf3 Qa5 14.Bd2 c3 15.Be1 Nb6 16.Bxc3 Qxa4
17.Qd3 Qc4 18.Qd2 Bb7 19.Bb4 Rd8 20.Rfc1 Qd5 21.Ne1 Qd7 22.Nd3 Qxd4 23.Bc5 Nc4
24.Qb4 a5 25.Qb3 Qd7 26.Rxc4 bxc4 27.Qxc4 Ba6 28.Qb3 Bxd3 29.exd3 Na6 30.Bb6 Rab8
31.Rc1 c5 32.Rb1 Kf7 33.Bh3 Nc7 34.Qd1 Qxd3 35.Qh5+ Qg6  0-1

[Event "CXU Obro New Year 2012"]
[Site "Copenhagen DEN"]
[Date "2012.12.30"]
[Round "6.4"]
[White "Nilssen,J"]
[Black "Pedersen,TV"]
[Result "1-0"]
[WhiteElo "2363"]
[BlackElo "2073"]

1.d4 d5 2.c4 e6 3.Nf3 Nf6 4.g3 Be7 5.Bg2 O-O 6.O-O Nbd7 7.cxd5 exd5 8.Nc3 c6
9.Bf4 Re8 10.Qc2 Nf8 11.Rfe1 Ne6 12.Be3 Ng4 13.Bd2 Bf6 14.e3 h5 15.h3 Nh6
16.e4 dxe4 17.Nxe4 Nf5 18.Nxf6+ Qxf6 19.Bc3 Bd7 20.Rad1 Ng5 21.Ne5 Be6 22.h4 Nh7
23.Nxc6 Nxh4 24.d5 Bf5 25.Qa4 Rxe1+ 26.Rxe1 Nxg2 27.Bxf6 Nxe1 28.Ne7+ Kh8
29.Bxg7+ Kxg7 30.Nxf5+ Kf6 31.Nh4  1-0

[Event "88th Hastings Masters"]
[Site "Hastings ENG"]
[Date "2012.12.31"]
[Round "4.36"]
[White "Armstrong,M"]
[Black "Higgs,Joshua"]
[Result "1/2-1/2"]
[WhiteElo "2046"]
[BlackElo "1792"]

1.d4 d5 2.Nf3 e6 3.c4 Nf6 4.g3 Be7 5.Bg2 O-O 6.O-O dxc4 7.Qa4 a6 8.Qxc4 b5
9.Qc2 Bb7 10.Bf4 Bd6 11.Bg5 Nbd7 12.Nbd2 h6 13.Bxf6 Nxf6 14.e4 Bb4 15.e5 Nd7
16.Ne4 Rc8 17.Rfd1 Bd5 18.Rac1 c6 19.Nfd2 Be7 20.f4 c5 21.dxc5 Nxc5 22.Qb1 Qb6
23.Kh1 Nxe4 24.Nxe4 Rxc1 25.Rxc1 Rd8 26.b3 Bb7 27.Qc2 Rc8 28.Qd2 Rxc1+ 29.Qxc1 Bd5
30.Qc8+ Kh7 31.Qc2 g6 32.h4 Qe3 33.Qd2 Qxd2 34.Nxd2 Bxg2+ 35.Kxg2 Kg7 36.Kf3 f5
37.exf6+ Bxf6 38.Ne4 e5 39.Nc5 exf4 40.Kxf4 a5 41.Ke4 Be7 42.Ne6+ Kf6 43.Nd4 Bd6
44.g4 Bg3 45.Nxb5 Bxh4 46.Na7 Kg5 47.Kf3 Be1 48.Nc6 h5 49.gxh5  1/2-1/2

[Event "88th Hastings Masters"]
[Site "Hastings ENG"]
[Date "2013.01.01"]
[Round "5.30"]
[White "Flear,C"]
[Black "Macrae,J"]
[Result "1-0"]
[WhiteElo "2156"]
[BlackElo "1717"]

1.d4 d5 2.c4 e6 3.Nf3 Nf6 4.g3 Be7 5.Bg2 O-O 6.O-O b6 7.Qc2 Bb7 8.Bf4 c6
9.Nbd2 Nbd7 10.e4 dxe4 11.Nxe4 c5 12.Nxf6+ Nxf6 13.Rad1 Qc8 14.a3 Be4 15.Qe2 Qb7
16.Rfe1 Rfe8 17.Be5 Bc6 18.Nh4 Bxg2 19.Nxg2 Rad8 20.d5 Bd6 21.Bxf6 gxf6 22.Qg4+ Kf8
23.dxe6 fxe6 24.Rxe6 Rxe6 25.Qxe6 Be7 26.Rd5 Rxd5 27.cxd5 Qc7 28.Nf4 Qe5
29.Qd7 Qe1+ 30.Kg2 Qe4+ 31.Kh3 a6 32.d6 Bxd6 33.Qxd6+ Kg7 34.Nh5+ Kg6 35.Nxf6 Qf5+
36.Ng4+ Kg7 37.Kh4 Qe4 38.Qf6+ Kg8 39.f4  1-0

[Event "88th Hastings Masters"]
[Site "Hastings ENG"]
[Date "2013.01.02"]
[Round "6.6"]
[White "Gretarsson,Hj"]
[Black "Sihite,Chelsie Monica"]
[Result "1/2-1/2"]
[WhiteElo "2516"]
[BlackElo "2277"]

1.d4 Nf6 2.c4 e6 3.g3 Be7 4.Bg2 d5 5.Nf3 O-O 6.O-O dxc4 7.Qc2 b5 8.a4 b4
9.Nbd2 Bb7 10.Nxc4 Be4 11.Qb3 Nc6 12.Be3 Bd5 13.a5 a6 14.Rfc1 Ng4 15.Qd3 f5
16.h3 Nf6 17.Rd1 Be4 18.Qb3 Qd5 19.Ne1 Qb5 20.Bxe4 fxe4 21.Ng2 g5 22.Rac1 Rae8
23.Rd2 Bd6 24.Ra1 h6 25.Rc2 Nd5 26.Qa4 Qxa4 27.Rxa4 Nxe3 28.fxe3 Bxg3 29.Nd2 Bf2+
30.Kh2 Ne7 31.Rxb4 Nf5 32.Nf1 Re7 33.Rb7 Rff7 34.b4 Nd6 35.Rb8+ Kg7 36.Rc1 Rf5
37.Ra8 Ref7 38.Ra7 Bh4 39.Ng3 Bxg3+ 40.Kxg3 Rb5 41.Rcxc7 Rxc7 42.Rxc7+ Kf6
43.Rc6 Nf5+ 44.Kf2 Ne7 45.Rxa6 Rxb4 46.Ne1 Rb2 47.Ra8 Ra2 48.a6 Nd5 49.Nc2 Rxc2
50.Rf8+ Ke7 51.a7 Nb6 52.Rb8 Ra2 53.Rxb6 Rxa7 54.Rb5 Kf6 55.Re5 Ra1 56.Rxe4 Rh1
57.h4 Rh2+ 58.Kg3  1/2-1/2

[Event "25th Staufer Open"]
[Site "Schwaebisch Gmuend GER"]
[Date "2013.01.02"]
[Round "2.15"]
[White "Jurek,J"]
[Black "Hahn,F"]
[Result "1-0"]
[WhiteElo "2325"]
[BlackElo "2037"]

1.c4 e6 2.g3 Nf6 3.Bg2 Be7 4.d4 d5 5.Nf3 dxc4 6.O-O O-O 7.Qc2 a6 8.a4 Ra7
9.Rd1 b6 10.Nc3 Bb7 11.e4 Nc6 12.Qe2 Na5 13.Bg5 h6 14.Bxf6 Bxf6 15.d5 Bxc3
16.dxe6 Qe7 17.exf7+ Rxf7 18.bxc3 Qxe4 19.Qxe4 Bxe4 20.Ne5 Bxg2 21.Nxf7 Bf3
22.Rd7 Bg4 23.Re7 Nc6 24.Re4 Bf3 25.Re3 Bd5 26.Ne5 Nxe5 27.Rxe5 c6 28.Re8+ Kf7
29.Rb8 b5 30.axb5 cxb5 31.Rxb5 axb5 32.Rxa7+ Kf6 33.Ra5  1-0

[Event "25th Staufer Open"]
[Site "Schwaebisch Gmuend GER"]
[Date "2013.01.03"]
[Round "3.1"]
[White "Buhmann,R"]
[Black "Minor,S"]
[Result "1-0"]
[WhiteElo "2598"]
[BlackElo "2223"]

1.Nf3 Nf6 2.c4 e6 3.g3 d5 4.d4 Be7 5.Bg2 O-O 6.O-O c6 7.Qc2 Nbd7 8.Rd1 b6
9.Bf4 Bb7 10.Nc3 Nh5 11.Bc1 Nhf6 12.b3 Rc8 13.e4 Bb4 14.e5 Ne8 15.Ng5 g6
16.h4 Ng7 17.Nf3 Qc7 18.Bf4 Qb8 19.Ne2 Be7 20.cxd5 cxd5 21.Qd3 Rc6 22.Bg5 Ba3
23.Bc1 Bxc1 24.Raxc1 a5 25.Rxc6 Bxc6 26.Bf1 b5 27.Rc1 Rc8 28.Nf4 Qb6 29.Be2 b4
30.Qa6 Qxa6 31.Bxa6 Rc7 32.Bb5 Nb8 33.Rc5 Nf5 34.Ba4 Ne7 35.Rxa5 Bxa4 36.Rxa4 Rc3
37.Ra8 Nc6 38.Kg2 Kg7 39.Ne1 Nd7 40.Ne2  1-0

[Event "25th Staufer Open"]
[Site "Schwaebisch Gmuend GER"]
[Date "2013.01.03"]
[Round "4.2"]
[White "Zubarev,Al1"]
[Black "Schild,C GER"]
[Result "1-0"]
[WhiteElo "2595"]
[BlackElo "2316"]

1.d4 e6 2.c4 Nf6 3.g3 d5 4.Nf3 Be7 5.Bg2 O-O 6.O-O c6 7.Qc2 b6 8.b3 Bb7 9.Nc3 Nbd7
10.Rd1 Rc8 11.e4 Nxe4 12.Nxe4 dxe4 13.Qxe4 Nf6 14.Qe2 Qd6 15.Ne5 Nd7 16.c5 bxc5
17.Nc4 Qb8 18.Bf4 Qa8 19.dxc5 Nxc5 20.Nd6 Rcd8 21.Rac1 e5 22.Nf5 Rxd1+ 23.Rxd1 exf4
24.Qxe7 Ne6 25.Rd7 Bc8 26.Rxa7 Qb8 27.Nd6 fxg3 28.hxg3 Nd8 29.Qc7 Qxc7 30.Rxc7 Be6
31.f4 g6 32.Kf2 h5 33.Ke3 Bd5 34.Bxd5 cxd5 35.a4 Ne6 36.Rc8 Rxc8 37.Nxc8 Nc5
38.a5 d4+ 39.Ke2 d3+ 40.Kd1 Na6 41.Ne7+ Kg7 42.Nd5 f6 43.b4 h4 44.gxh4  1-0

[Event "25th Staufer Open"]
[Site "Schwaebisch Gmuend GER"]
[Date "2013.01.04"]
[Round "6.17"]
[White "Krassowizkij,J"]
[Black "Bluma,M"]
[Result "1/2-1/2"]
[WhiteElo "2400"]
[BlackElo "2097"]

1.d4 d5 2.c4 e6 3.Nf3 Nf6 4.g3 Be7 5.Bg2 O-O 6.O-O Nbd7 7.Qc2 Ne4 8.Nc3 Nxc3
9.Qxc3 b6 10.cxd5 exd5 11.Bf4 c5 12.Ne5 Nxe5 13.Bxe5 f6 14.Bf4 Be6 15.Rad1 Rc8
16.dxc5 Rxc5 17.Qd3 Qd7 18.Be3 Rb5 19.Bd4 Rd8 20.a3 Bc5 21.b4 Bxd4 22.Qxd4 a5
23.e4 dxe4 24.Qxe4 Rd5 25.Rc1 Rd4 26.Qe3 axb4 27.axb4 Bc4 28.Rfe1 b5 29.Ra1 Qd6
30.Bh3  1/2-1/2

[Event "11th Parsvnath Open"]
[Site "New Delhi IND"]
[Date "2013.01.07"]
[Round "4.12"]
[White "Kunte,A"]
[Black "Aravindh,Chithambaram VR."]
[Result "1/2-1/2"]
[WhiteElo "2510"]
[BlackElo "2342"]

1.Nf3 d5 2.c4 e6 3.g3 Nf6 4.Bg2 Be7 5.d4 O-O 6.O-O c5 7.cxd5 exd5 8.Nc3 Nc6
9.Bg5 Be6 10.dxc5 Bxc5 11.Bxf6 Qxf6 12.Nxd5 Qxb2 13.Nc7 Rad8 14.Qc1 Qxc1
15.Raxc1 Be7 16.Nxe6 fxe6 17.Rc4 Bf6 18.Bh3 Rd6 19.Rb1 Rf7 20.Re4 Re7 21.a4 g6
22.e3 Kg7 23.Bf1 Nd8 24.h4 h6 25.Rc4 Nc6 26.Re4 Nd8 27.Rc1 Rc6 28.Rxc6 bxc6
29.Bd3 Nf7 30.Rc4 Rc7 31.Nd4 Bxd4 32.exd4 e5 33.Be4 exd4 34.Rxc6 Rxc6 35.Bxc6 g5
36.hxg5 hxg5 37.f4 gxf4 38.gxf4  1/2-1/2

[Event "Australian Open 2013"]
[Site "Cammeray AUS"]
[Date "2013.01.08"]
[Round "7.3"]
[White "Cheng,Bo"]
[Black "Sukandar,I"]
[Result "1-0"]
[WhiteElo "2377"]
[BlackElo "2362"]

1.d4 Nf6 2.c4 e6 3.g3 d5 4.Bg2 Be7 5.Nf3 O-O 6.O-O dxc4 7.Qc2 b5 8.a4 b4
9.Bg5 Bb7 10.Bxf6 b3 11.Qxc4 Bxf6 12.Qxb3 Bd5 13.Qc2 Na6 14.e4 Bb7 15.Rd1 Nb4
16.Qd2 c5 17.e5 Be7 18.Nc3 Qa5 19.Qe2 Rad8 20.dxc5 Bxc5 21.Rxd8 Rxd8 22.Ng5 Bxg2
23.Qh5 Bc6 24.Qxf7+ Kh8 25.Nxe6 Rg8 26.Rd1 Bb6 27.Qf5 Be8 28.Nf8 Bxf2+ 29.Kg2  1-0

[Event "Prague Open A 2013"]
[Site "Prague CZE"]
[Date "2013.01.10"]
[Round "2.15"]
[White "Plischki,S"]
[Black "Cherednichenko,E"]
[Result "1-0"]
[WhiteElo "2367"]
[BlackElo "2170"]

1.d4 d5 2.c4 e6 3.Nf3 Be7 4.g3 Nf6 5.Bg2 O-O 6.O-O c6 7.Qc2 b6 8.Nbd2 Bb7
9.e4 dxe4 10.Nxe4 Nxe4 11.Qxe4 Nd7 12.Rd1 Rc8 13.Bf4 Nf6 14.Qc2 Nh5 15.Be3 Qc7
16.c5 b5 17.a4 a5 18.Ne5 b4 19.Bf3 Nf6 20.Bf4 Qd8 21.Nc4 Nd5 22.Nd6 Bxd6
23.Bxd6 Re8 24.Re1 Qf6 25.Kg2 Qg6 26.Be4 Qh6 27.Bd3 Ra8 28.Qe2 Ra7 29.Rad1 Raa8
30.h3 Qf6 31.Qh5 g6 32.Qe2 Ra7 33.Be5 Qe7 34.h4 h5 35.Rc1 Raa8 36.Rh1 Nf6
37.Qd2 Nd7 38.Bd6 Qf6 39.Be4 Qg7 40.Rhe1 Qf6 41.Rcd1 Rac8 42.Re3 Ba6 43.b3 Qh8
44.Rf3 Qg7 45.Re1 Bb7 46.Qg5 Ra8 47.Be5 Qh7 48.Rf6 Nxf6 49.Qxf6 Rad8 50.g4 hxg4
51.h5 Rf8 52.Rh1  1-0

[Event "TCh-CZE Div1 Vychod 2012-13"]
[Site "Czech Republic CZE"]
[Date "2013.01.13"]
[Round "5.2"]
[White "Hosek,Mi"]
[Black "Roubalik,J"]
[Result "0-1"]
[WhiteElo "2308"]
[BlackElo "2333"]

1.d4 Nf6 2.Nf3 d5 3.c4 e6 4.g3 Be7 5.Bg2 O-O 6.O-O dxc4 7.Ne5 Nbd7 8.Nxc4 c6
9.Nc3 Nd5 10.e4 Nxc3 11.bxc3 b5 12.Ne3 Bb7 13.e5 Qc7 14.f4 c5 15.d5 exd5
16.Bxd5 Nb6 17.Bxb7 Qxb7 18.Qg4 Rfd8 19.Nf5 Bf8 20.Be3 Nc4 21.Rad1 g6 22.Bc1 Qe4
23.Rxd8 Rxd8 24.Qg5 Rd7 25.Nd6 Nxd6 26.exd6 Rxd6 27.Qg4 Rd3 28.Qc8 Rxc3 29.Bd2 Rc2
30.Re1 Qd4+ 31.Be3 Qd5 32.Bf2 Qd2  0-1

[Event "PSC Cup 2013"]
[Site "Manila PHI"]
[Date "2013.01.15"]
[Round "2.19"]
[White "Barbosa,O PHI"]
[Black "Mirano,Kevin"]
[Result "1-0"]
[WhiteElo "2574"]
[BlackElo "2037"]

1.d4 d5 2.Nf3 e6 3.c4 Nf6 4.g3 Be7 5.Bg2 O-O 6.O-O dxc4 7.Qa4 a6 8.Qxc4 b5
9.Qc2 Bb7 10.Bd2 Nbd7 11.Ba5 Ra7 12.Nbd2 Qa8 13.Nb3 Be4 14.Qc1 Qb7 15.a3 Rc8
16.Bb4 Bd6 17.Re1 Qa8 18.Bc5 Nxc5 19.Nxc5 Bxc5 20.dxc5 Rd8 21.Qf4 Qd5 22.Rac1 c6
23.h3 Qf5 24.Qe3 Nd5 25.Qb3 Qf6 26.h4 h6 27.Nh2 Bxg2 28.Kxg2 e5 29.Qc2 Rad7
30.Nf3 Qe6 31.Rcd1 e4 32.Ng1 e3 33.f3 Nf6 34.Rd3 Qf5 35.Red1 Rxd3 36.Rxd3 Rxd3
37.exd3 Nd7 38.b4 Ne5 39.Qb2 Nxd3 40.Qe2 Qd5 41.Qxe3 Qa2+ 42.Qe2 Qxa3 43.Qe8+ Kh7
44.Qe4+ Kg8 45.Ne2 Nxb4 46.Qe8+ Kh7 47.Qxf7 Qd3 48.Nf4 Qd2+ 49.Kh3 Qc2 50.Ne6 Qc3
51.Nf8+ Kh8 52.Ng6+ Kh7 53.Ne7 Qc4 54.Qf5+ Kh8 55.h5 Qa2 56.Ng6+ Kh7 57.Qf8 Qg8  1-0

[Event "PSC Cup 2013"]
[Site "Manila PHI"]
[Date "2013.01.16"]
[Round "4.4"]
[White "Nouri,H"]
[Black "Tolentino,R"]
[Result "1/2-1/2"]
[WhiteElo "2350"]
[BlackElo "2364"]

1.Nf3 Nf6 2.c4 e6 3.g3 d5 4.Bg2 Be7 5.d4 O-O 6.O-O c6 7.Nc3 Nbd7 8.Qb3 a5
9.cxd5 exd5 10.Bf4 Re8 11.Rac1 Qb6 12.Qc2 Nf8 13.Na4 Qa7 14.Bg5 Ne6 15.Bxf6 Bxf6
16.e3 Nc7 17.Qc5 Bf5 18.Qxa7 Rxa7 19.Rfe1 Nb5 20.Nd2 Raa8 21.Bf1 Nd6 22.Nb6 Ra7
23.Na4 Raa8 24.Nb6 Ra7 25.Na4 Raa8 26.Nb6 Ra7 27.Na4 Raa8  1/2-1/2

[Event "PSC Cup 2013"]
[Site "Manila PHI"]
[Date "2013.01.16"]
[Round "4.7"]
[White "Barbosa,O PHI"]
[Black "Villanueva,N"]
[Result "1-0"]
[WhiteElo "2574"]
[BlackElo "2268"]

1.d4 d5 2.c4 e6 3.Nf3 Nf6 4.g3 Be7 5.Bg2 dxc4 6.O-O Bd7 7.Ne5 Bc6 8.Nxc6 Nxc6
9.Qa4 Nd5 10.Qxc4 Qd6 11.e3 O-O 12.Nc3 Nb6 13.Qe2 e5 14.Nb5 Qb4 15.dxe5 Qc4
16.Qxc4 Nxc4 17.e6 Rad8 18.b3 Nd2 19.Rd1 Nxb3 20.Rxd8 Rxd8 21.axb3 Rd1+ 22.Bf1 Bf6
23.Rb1 fxe6 24.b4 Ne5 25.Kg2  1-0

[Event "5th Chennai Open 2013"]
[Site "Chennai IND"]
[Date "2013.01.18"]
[Round "5"]
[White "Jayakumar,A"]
[Black "Yogit,S"]
[Result "1-0"]
[WhiteElo "2280"]
[BlackElo "2005"]

1.d4 Nf6 2.g3 e6 3.c4 d5 4.Bg2 Be7 5.Nf3 O-O 6.O-O dxc4 7.Qa4 a6 8.Qxc4 b5
9.Qc2 Bb7 10.Bd2 Be4 11.Qc1 Nbd7 12.Ba5 Rc8 13.Nbd2 Bb7 14.a3 Qe8 15.b4 Bd6
16.Re1 e5 17.Nxe5 Bxe5 18.Bxb7 Bxd4 19.Bxc8 Bxa1 20.Bxd7 Qxd7 21.Nf3 Bd4
22.Rd1 Bxf2+ 23.Kxf2 Qh3 24.Bxc7 Re8 25.Rd8 Rxd8 26.Bxd8 Ne4+ 27.Kg1 Nxg3
28.hxg3 Qxg3+ 29.Kf1 h5 30.Qg5 Qh3+ 31.Kf2 Qd7 32.Bf6 g6 33.Qh6 Qa7+ 34.Bd4  1-0

[Event "5th Chennai Open 2013"]
[Site "Chennai IND"]
[Date "2013.01.18"]
[Round "6"]
[White "Shetty,R"]
[Black "Muthaiah,AL"]
[Result "1-0"]
[WhiteElo "2248"]
[BlackElo "1965"]

1.d4 d5 2.Nf3 Nf6 3.c4 e6 4.g3 Be7 5.Bg2 O-O 6.O-O b6 7.cxd5 exd5 8.Nc3 Bb7
9.Bf4 Na6 10.Ne5 c5 11.Rc1 Ne4 12.dxc5 Naxc5 13.Nxe4 dxe4 14.Nc4 Ne6 15.Bd6 Rc8
16.Bxe7 Qxe7 17.Qd6 Qf6 18.e3 Ba6 19.b3 Nc5 20.Qxf6 gxf6 21.Nd6 Bxf1 22.Nxc8 Bxg2
23.Ne7+ Kg7 24.Kxg2 Rd8 25.b4 Ne6 26.Rc4 Rd2 27.a4 Ra2 28.Nf5+ Kg6 29.g4 Rxa4
30.Rxe4 a5 31.Ne7+ Kg7 32.Nd5 b5 33.h3 axb4 34.Rxb4 Rxb4 35.Nxb4 Kg6 36.e4 h5
37.Kg3 hxg4 38.hxg4 Nc5  1-0

[Event "Dvorkovich Mem 2013"]
[Site "Taganrog RUS"]
[Date "2013.01.18"]
[Round "4.6"]
[White "Kryakvin,D"]
[Black "Lugovskoy,M"]
[Result "1-0"]
[WhiteElo "2586"]
[BlackElo "2366"]

1.d4 d5 2.c4 e6 3.Nf3 Nf6 4.g3 Be7 5.Bg2 O-O 6.O-O dxc4 7.Qc2 a6 8.a4 Bd7
9.Qxc4 Bc6 10.Bg5 Nbd7 11.Nc3 h6 12.Bf4 Nb6 13.Qb3 Nbd5 14.Rfd1 Nxf4 15.gxf4 Nd5
16.e3 Bd6 17.Ne5 Nxc3 18.Nxc6 Ne2+ 19.Kf1 bxc6 20.Kxe2 Rb8 21.Qc2 Qh4 22.Bxc6 Rb4
23.b3 Rfb8 24.Rab1 Qh5+ 25.Bf3 Qg6 26.Qxg6 fxg6 27.Rg1 Rxb3 28.Rxb3 Rxb3
29.Rxg6 Rb2+ 30.Kf1 Ra2 31.Rxe6 Rxa4 32.Bh5 a5 33.Re8+ Bf8 34.Rc8 Rc4 35.Ra8 Ra4
36.Kg2 Ra1 37.Be8 Ra3 38.f5 Ra1 39.e4 c5 40.e5  1-0

[Event "TCh-AUT 2012-13"]
[Site "Graz AUT"]
[Date "2013.01.19"]
[Round "6.5"]
[White "Hoelzl,F"]
[Black "Boensch,U"]
[Result "0-1"]
[WhiteElo "2334"]
[BlackElo "2528"]

1.d4 Nf6 2.Nf3 e6 3.g3 d5 4.Bg2 Be7 5.c4 O-O 6.Qc2 c5 7.dxc5 Na6 8.O-O dxc4
9.Qxc4 Nxc5 10.Nc3 Bd7 11.b4 Na4 12.Nxa4 Bxa4 13.Bd2 Rc8 14.Qd4 Qxd4 15.Nxd4 Rfd8
16.e3 e5 17.Nf3 Ne4 18.Bc1 Bb5  0-1